Nắm vững Microsoft Windows XP Professional

Sparad:
Bibliografiska uppgifter
Huvudupphovsman: Phạm, Hoàng Dũng
Materialtyp: Bok
Språk:Undetermined
Publicerad: Thành phố Hồ Chí Minh Lao động - Xã hội 2005
Ämnen:
Taggar: Lägg till en tagg
Inga taggar, Lägg till första taggen!
Thư viện lưu trữ: Trung tâm Học liệu Trường Đại học Cần Thơ
LEADER 00585nam a2200193Ia 4500
001 CTU_101192
008 210402s9999 xx 000 0 und d
020 |c 79000 
082 |a 005.43769 
082 |b D513/T.2 
100 |a Phạm, Hoàng Dũng 
245 0 |a Nắm vững Microsoft Windows XP Professional 
245 0 |c Phạm Hoàng Dũng 
260 |a Thành phố Hồ Chí Minh 
260 |b Lao động - Xã hội 
260 |c 2005 
650 |a Windows ( computer programs ) 
904 |i Minh 
980 |a Trung tâm Học liệu Trường Đại học Cần Thơ